00497nam a22001577a 450000500170000001000150001702000260003203500140005803700090007208200130008110000220009424500420011626000410015827001190019930000210031820220218170011.0 aENG-131689 a9789390869985c180.00 aEN-115221 bDBAD a616.2414 aMhaisekar, Deepak aFreedom From Covid/cDeepak Mhaisekar aPunebVishwakarma Publicationsc2021 a34A/1, Suyog Center, 7th Floor, Gultekadi Marketyard Road, Giridhar Bhavan ChowkbPunee411037minfo@vpindia.co.in a134p.c21cm(pbk)